000 00618nam a2200229Ia 4500
003 OSt
005 20221007075726.0
006 a|||||r|||| 00| 0
007 ta
008 221006b |||||||| |||| 00| 0 eng d
024 _a39,533
037 _cTextual
040 _aFLL
_cFLL
_beng
041 _2eng
_aeng
082 _aP111k, N3
100 _aMcgregor R.S. Ed.
245 0 _aOxford english- hindi dictionary , impression 2013
260 _aNew Delhi
_bOxford University Press
300 _axx,1083p
_ccm.
942 _hP111k, N3
_cTEXL
_2CC
999 _c1157140
_d1157140